Relations industrielles: champs, paradigmes et systemes.
Oblasť priemyselných vzťahov. Predmet priemyselných vzťahov a metóda skúmania oblastí. Vzory, ich príklady a ilustrácie. Navrhovaná typológia. Humanistický a pozitivistický vzor (Youngov). Dôsledky. Systémy. Systémový prístup. Behavioristický prístup. Marxistický prístup. (Sociologie du travail 1992...
Guardado en:
| Autor principal: | |
|---|---|
| Formato: | Capítulo de libro |
| Lenguaje: | francés |
| Materias: | |
| Etiquetas: |
Sin Etiquetas, Sea el primero en etiquetar este registro!
|
MARC
| LEADER | 00000naa a2200000 4500 | ||
|---|---|---|---|
| 001 | r013258 | ||
| 005 | 20221205080351.5 | ||
| 041 | 0 | |a fre | |
| 044 | |a FR | ||
| 245 | 1 | 0 | |a Relations industrielles: champs, paradigmes et systemes. |c G. Gaire |
| 520 | |a Oblasť priemyselných vzťahov. Predmet priemyselných vzťahov a metóda skúmania oblastí. Vzory, ich príklady a ilustrácie. Navrhovaná typológia. Humanistický a pozitivistický vzor (Youngov). Dôsledky. Systémy. Systémový prístup. Behavioristický prístup. Marxistický prístup. (Sociologie du travail 1992, č.3.). | ||
| 610 | 2 | 0 | |a teórie ekonomické |
| 610 | 2 | 0 | |a vzťahy pracovné |
| 610 | 2 | 0 | |a industrial relations |
| 100 | 1 | |a Gaire, G. | |